LEADER 01197nam 2200397 450 001 9910136590603321 010 $a1-119-24822-1 010 $a1-119-24821-3 035 $a(CKB)3710000000907917 035 $a(MiAaPQ)EBC4718320 035 $a(CaSebORM)9781119248200 035 $a(EXLCZ)993710000000907917 100 $a20161026h20172017 uy 0 101 0 $aeng 135 $aurcnu|||||||| 181 $2rdacontent 182 $2rdamedia 183 $2rdacarrier 200 10$aJ.K. Lasser's your income tax 2017 /$fprepared by the J.K. Lasser Institute 210 1$aHoboken, New Jersey :$cWiley,$d2017. 210 4$dİ2017 215 $a1 online resource (851 pages) $cillustrations, tables 300 $aIncludes index. 311 $a1-119-24820-5 606 $aIncome tax$xLaw and legislation$zUnited States$vPopular works 606 $aTax planning$zUnited States$vPopular works 615 0$aIncome tax$xLaw and legislation 615 0$aTax planning 676 $a343.73052 801 0$bMiAaPQ 801 1$bMiAaPQ 801 2$bMiAaPQ 906 $aBOOK 912 $a9910136590603321 996 $aJ.K. Lasser's your income tax 2017$93359601 997 $aUNINA